The resurrection of Jesus Christ. (Record no. 7610)

000 -LEADER
fixed length control field 00555nam a2200181 a 4500
001 - CONTROL NUMBER
control field :::00005371$&:&@@
003 - CONTROL NUMBER IDENTIFIER
control field OkBaRHE
005 - DATE AND TIME OF LATEST TRANSACTION
control field 20000607103325.0
008 - FIXED-LENGTH DATA ELEMENTS--GENERAL INFORMATION
fixed length control field s1966 j 000 0 eng u
040 ## - CATALOGING SOURCE
Transcribing agency
100 1# - MAIN ENTRY--PERSONAL NAME
Personal name Rice, John R.
245 14 - TITLE STATEMENT
Title The resurrection of Jesus Christ.
260 ## - PUBLICATION, DISTRIBUTION, ETC. (IMPRINT)
Place of publication, distribution, etc Murfreesboro, TN., :
Name of publisher, distributor, etc Sword of the Lord Publishers
Date of publication, distribution, etc 1966
300 ## - PHYSICAL DESCRIPTION
Extent 60 p. ;
Dimensions 20 cm.
650 ## - SUBJECT ADDED ENTRY--TOPICAL TERM
Topical term or geographic name as entry element Jesus Christ
General subdivision Resurrection
942 ## - ADDED ENTRY ELEMENTS (KOHA)
Source of classification or shelving scheme
Koha item type Books
Copies
Date acquired Date last seen Damaged status Lost status Barcode Full call number Withdrawn status Koha item type Copy number Price effective from Shelving location Not for loan Source of classification or shelving scheme Permanent Location
2010-04-142010-04-14  5371BT 481 .R5 Books12010-04-14General Stacks  RHEMA Bible Training College